[Event "RUS-The World"]
[Site "Moscow"]
[Date "2002.09.09"]
[Round "5"]
[White "Grischuk, Alexander"]
[Black "Ponomariov, Ruslan"]
[Result "1/2-1/2"]
[WhiteElo "2702"]
[BlackElo "2743"]
[Annotator "Rabinovich,Al"]
[PlyCount "55"]
[EventDate "2002.09.08"]
[EventType "schev (rapid)"]
[EventRounds "10"]
[EventCountry "RUS"]
[SourceTitle "CBM 091"]
[Source "ChessBase"]
[SourceDate "2002.11.12"]
[SourceVersion "1"]
[SourceVersionDate "2002.11.12"]
[SourceQuality "1"]
[WhiteTeam "Russia"]
[BlackTeam "The World"]
[WhiteTeamCountry "RUS"]

1. e4 {[%mdl 768]} c5 2. Nf3 Nc6 3. Bb5 g6 4. Bxc6 dxc6 5. d3 (5. O-O $6 Bg7 (
5... Bg4 6. d3 Bg7 7. Nbd2 Nf6 8. h3 Bxf3 9. Nxf3 Nd7 10. Be3 O-O 11. c3 e5 {
0-1 Ljubojevic,L-Kramnik,V/Monte Carlo 1995/CBM 46 ext (44) Doesn't promise
white much.}) 6. d3 Nf6 7. h3 O-O 8. Re1 Ne8 9. e5 Nc7 10. Be3 b6 11. Qc1 f5
12. exf6 exf6 13. Bh6 Be6 14. Bxg7 Kxg7 15. Nc3 Qd7 $132 {[%cal Gc7d5,Ga8e8]
0-1 Antonio,R-Vladimirov,E/Aden YEM 2002/The Week in Chess 380 (38)}) 5... Bg7
6. h3 {[%csl Gg4]} Nf6 (6... Nh6 $5 7. Nc3 f6 8. Be3 b6 $13 {Ponomariov.}) 7.
Nc3 O-O (7... Nd7 $5 8. Be3 e5 9. Qd2 Qe7 10. O-O Nf8 11. Bh6 Ne6 12. Bxg7 Nxg7
13. Ne2 f6 14. Nh2 g5 $5 {1/2-1/2 Anand,V-Ivanchuk,V/Prague CZE 2002/The Week
in Chess 391 (50)}) 8. Be3 (8. O-O Nd7 9. Be3 e5 10. Qd2 Re8 11. Nh2 b6 12. Bh6
Bh8 13. Kh1 Qe7 14. Rae1 Nf8 15. Ne2 Ne6 16. b3 a5 17. a4 Bd7 18. f4 $14 {
1/2-1/2 Adams,M-Leko,P/Dortmund GER 2002/The Week in Chess 400 (44) With small
advantage for white.}) 8... b6 9. Qd2 {The idea with long castle is now more
and more coming in fashion.} e5 10. Bh6 Qd6 11. O-O-O (11. g4 Be6 12. Bxg7 Kxg7
13. O-O-O Rad8 14. Rhf1 b5 15. Ng5 h6 16. Nxe6+ Qxe6 17. Kb1 c4 {1/2-1/2
Shirov,A-Leko,P/Monaco MNC 2002/The Week in Chess 386 (32)}) 11... a5 12. Bxg7
Kxg7 13. Nh2 $5 {This move is better than 13.g4} (13. g4 a4 14. Ne2 b5 15. Ng3
b4 16. Qg5 Re8 17. Nd2 a3 18. bxa3 h6 19. Qe3 Be6 20. Nb3 Rxa3 21. Qxc5 Qb8 22.
Kb2 Nd7 23. Qe3 Nb6 $40 {0-1 Shirov,A-Leko,P/Dortmund GER 2002/The Week in
Chess 401 (31)}) 13... a4 14. Ng4 Ng8 (14... Bxg4 $6 15. hxg4 Nxg4 16. f3 Nf6
17. Qh6+ Kg8 18. g4 $40) 15. Ne2 $5 {[%cal Gf2f4] Sacrafise of the pawn is
very logical,since it is rapid game and position occured is very tactical.} (
15. Kb1 {In the same tournament Grischuk tried also this move,but without any
spacial success.} a3 16. b3 Qd4 17. Nh2 b5 18. Nf3 Qd6 19. Ne2 Be6 20. g3 Rad8
21. Ng5 c4 $36 {[%csl Rb1] 1/2-1/2 Grischuk,A-Leko,P/Moscow RUS 2002/The Week
in Chess 410 (55)}) 15... Bxg4 16. hxg4 Qe6 17. Kb1 Qxg4 18. f3 Qe6 (18... Qxg2
$5 {It is scary and stupid to play such a move in rapid,but black could have
tried it.} 19. Qe3 {[%csl Rg2][%cal Gd1g1]} (19. f4 $5 $44 {[%cal Gd1g1]})
19... f5 $1 20. Rdg1 (20. exf5 Rxf5 21. Rdg1 Qxf3 22. Ng3 $3 Raf8 $8 23. Nxf5+
Rxf5 24. Qd2 Nf6 $15) 20... f4 $17) 19. g4 f6 20. f4 a3 (20... Qxg4 21. f5 {
[%cal Gd1g1]} Qg5 22. Qe1 a3 23. b3 $44 {[%csl Rg5]}) 21. f5 $44 Qd7 22. b3 g5
$5 {The best decision.Now black has only one weakness on h7,which he can
easily protect.} 23. Qe3 {[%cal Gc2c3,Gd3d4]} h6 24. c3 {Of course that
black's extra pawn is not felt now,so white concentrates on advancing d4 and
bringing his knight into the game.} Qe7 $1 {Again some sharp defensive idea by
Ponomariov.There was no taste on trying to prevent d4,but putting pressure on
e4 pawn is clearly the best.} (24... Rad8 25. d4 cxd4 26. cxd4 $36 {[%csl Rg7,
Rg8]}) 25. Ng1 (25. d4 $6 exd4 26. cxd4 Rfe8 $1 27. Ng3 cxd4 28. Qxd4 c5 $15 {
[%cal Ge7e5,Ge5b2]}) 25... Rfe8 {All the preparations against d4.} 26. Nf3 Rad8
27. Kc2 Rd7 28. Rd2 $15 {[%cal Gh1e1,Ge1d1,Gd2h2] The position is about to be
equal,but it still was playble for both sides.It seems to be like black avoids
d4 and white has no real plan exept advancing d4,so it looks like no side
wanted to take a risk.Black has some small adge due to the extra pawn.} (28.
Rhe1 Red8 29. d4 $2 (29. Rd2 Kf8 $5 {[%cal Gh6h5,Gg8h6]}) 29... cxd4 30. cxd4
exd4 31. Nxd4 $2 (31. Rxd4 Rxd4 32. Nxd4 Qc5+ $19) 31... Qc5+ $19) (28. Rd2
Red8 29. Rhd1 Qd6 30. Rh1 $11) 1/2-1/2

[Event "RUS-The World"]
[Site "Moscow"]
[Date "2002.09.11"]
[Round "9"]
[White "Grischuk, Alexander"]
[Black "Shirov, Alexei"]
[Result "0-1"]
[WhiteElo "2702"]
[BlackElo "2697"]
[Annotator "Lukacs,P"]
[PlyCount "124"]
[EventDate "2002.09.08"]
[EventType "schev (rapid)"]
[EventRounds "10"]
[EventCountry "RUS"]
[SourceTitle "CBM 091"]
[Source "ChessBase"]
[SourceDate "2002.11.12"]
[SourceVersion "1"]
[SourceVersionDate "2002.11.12"]
[SourceQuality "1"]
[WhiteTeam "Russia"]
[BlackTeam "The World"]
[WhiteTeamCountry "RUS"]

1. e4 c6 2. d4 d5 3. e5 Bf5 4. Nc3 e6 5. g4 Bg6 6. Nge2 c5 7. Be3 Nc6 8. dxc5 {
This is one of the most critical "tabya positions" in the CK Advance Variation.
Black has a wide range of choice here.} Rc8 (8... Nxe5 9. Nd4 (9. Nf4 Ne7 {
- De Vreugt-Kallai, Bundesliga 2001 CBM 87} (9... Nc6 10. Bg2 (10. Bb5 Nge7 {
- Sutovsky-Rogers, EUR-ASIA m 30' rapid CBM 86} (10... Nf6 {- 9...Nf6})) 10...
Be7 11. Qe2 Bf6 12. h4 Qa5 13. O-O d4 14. g5 dxc3 15. gxf6 Nxf6 16. bxc3 O-O
17. Bxc6 {1/2:1/2 Sax-Porper, 6th Neckar Open 2002}) (9... Nf6 {-
Sutovsky-Adianto, EUR-ASIA m 30' rapid 2001 CBM 86})) 9... Nf6 (9... Nd7 10. b4
$5 {- Nataf-Ernst, Hasselbacken 2001 CBM 85} (10. f4 {White wants to catch the
B by f4-f5.} Bxc5 11. Bb5 (11. f5 e5) 11... a6 (11... Ne7 12. Qe2 {/\ 0-0-0
quickly mobilizing all of the pieces.} O-O 13. O-O-O a6 14. Bxd7 Qxd7 15. h4
Rac8 {(Mortensen-Berg, DEN-ch Odense1994)} 16. f5 $1 exf5 17. h5 {The B has
been catched, but things are still far from clear!} f4 $1 18. hxg6 fxe3 19.
gxh7+ Kh8 20. Qf3 f5 $13) 12. Bxd7+ Qxd7 13. f5 e5 $1 14. fxg6 hxg6 {and Black
will gain back the piece.} 15. Qe2 Ne7 16. Nf3 Bxe3 17. Nxe5 Qe6 18. Qxe3 d4
19. Qxd4 Nc6 20. Qd7+ Qxd7 21. Nxd7 Kxd7 22. O-O-O+ Ke7 23. Rhe1+ Kf8 24. Rd7
Rxh2 25. Rxb7 {(Stevic-Ruck, Tch-BIH 2002)} Rd8 $1 $11) (10. c6 bxc6 11. Nxc6
Qc7 12. Bb5 a6 13. Ba4 Bd6 14. Qd4 Ne7 15. Nxe7 Kxe7 {The K in the middle is
not so problematic, because Black has a strong P [+].} 16. Bxd7 Kxd7 17. f4
Rab8 18. f5 Be5 19. Qa4+ Qc6 20. Qxc6+ Kxc6 21. fxg6 Rxb2 22. Ne2 hxg6 {
Black has only two pawns for the piece, but White's P structure is pathetic.}
23. Bd4 Bxd4 24. Nxd4+ Kd6 $11 {Zhang Pengxiang-Nielsen, Anibal Open Linares
2002})) 10. f4 Nc6 (10... Ned7 $2 11. f5 $16 {- Khalifman-Adianto, Japfa
Classic 2000 CBM 77}) (10... Nexg4 11. Bb5+ Ke7 {Here the K looks more
frightening than before.} 12. Qe2 (12. Bg1 $2 {White has no time for a retreat!
} Qc7 13. c6 b6 14. Qe2 Qxf4 15. c7 Ne4 16. Nc6+ Kd6 {fighting with the
"Steinitz K".} 17. h3 Qg3+ 18. Kf1 Qxc3 $1 19. Qxg4 Qxb2 20. a4 Qxa1+ (20...
Kxc7 $19) 21. Kg2 {(Braga-Timman, Mar del Plata, 1982)} Qxg1+ $1 22. Rxg1 Kxc7
$19 {Timman}) 12... Nxe3 (12... a6 $5) 13. Qxe3 {White has now a big lead of
development and the enemy K is in the middle.} Be4 14. c6 b6 15. O-O-O a6 16.
Nxe4 axb5 {(Kotz-Schigan, AUT-chT 1995)} (16... Nxe4 17. Bd3 Nc5 18. f5 $40)
17. Nxf6 gxf6 18. Rhe1 $14) 11. Bb5 Rc8 12. f5 exf5 13. Nxf5 Bxf5 14. gxf5 Be7
15. Qe2 O-O 16. O-O-O Re8 {/\ Bf8 defending the real weakness of >< g7.} 17.
Qg2 Bf8 18. Bg5 Re5 19. Rhg1 Kh8 20. Qg3 Rxf5 21. Bd3 Rxg5 {Black sacrifices
an echange, but now White's dream of an -> cannot be realized.} 22. Qxg5 h6 23.
Qg2 Ne5 $44 {Mortensen-Schandorff, DEN-ch Greve 2002}) (8... h5 {- De
Vreugt-Maksimenko, Lvov Cup of Galychina 2001 CBM 87}) (8... a6 {-
Motylev-Anand, RUS-The World rapid 2002 CBM 91}) 9. f4 $142 {[%mdl 8]} (9. Nd4
Nxe5 $5 (9... Nxd4 10. Qxd4 Bxc5 11. Qa4+ {Suddenly White uses the weakness of
the a4-e8 /^ for a P grab on the <<.} Kf8 12. Bxc5+ Rxc5 13. Qxa7 b6 (13... Qc8
14. O-O-O) 14. Qa3 (14. Nb5 h5 (14... d4 $5 15. Rd1 $1 Rxe5+ (15... Bxc2 16.
Rxd4 Rxe5+ 17. Kd2 $18) 16. Be2 Bxc2 17. Rxd4 Rd5 18. Rxd5 exd5 19. O-O $16)
15. g5 Ne7 $1 (15... d4 $6 16. Rd1 $1 (16. f4 d3 $1 17. Nd6 dxc2) 16... Rxe5+
17. Be2 Qd5 18. Qb8+ Ke7 19. Qc7+ Kf8 20. Rxd4 $1 Qxh1+ 21. Kd2 Rd5 $1 22. Qb8+
Ke7 23. Bc4 $1 $16) 16. Nd4 Kg8 (16... Bxc2) 17. Qa3 (17. Qa4 Nf5) 17... Nc6 (
17... Nf5 $5) 18. Nxc6 Rxc6 $44 {Shirov-Morozevich, Amber Rapidplay 2002})
14... Ne7 (14... Bxc2 {wins back the material, but loses precious time.} 15.
Rc1 d4 16. Rxc2 dxc3 17. Rxc3 Qd5 18. Rg1 Qxe5+ 19. Be2) 15. O-O-O $14) 10. f4
$5 {immediately deserves attention, for example:} (10. Bb5+ {is the "natural"
continuation exploiting the weakness of the a4-e8 /^.} Nc6 11. Qe2 Be7 (11...
Bxc5 $2 {is punished by} 12. Nxe6 $1 $16) 12. O-O-O Nf6 13. f4 O-O 14. Bxc6
bxc6 15. h4 {White's main target is usually the g6 B.} (15. f5 exf5 16. Nxf5
Re8) 15... Bxc5 (15... Ne4 16. f5) 16. f5 e5 $1 {This is the typical tactical
reaction here.} (16... exf5 17. h5 $1) 17. fxg6 (17. Nxc6 Rxc6 $1 {This is the
precise move order.} (17... Bxe3+ 18. Qxe3 Rxc6 19. fxg6 Nxg4 20. gxh7+ Kxh7
21. Qf3 $13) 18. Bxc5 (18. fxg6 d4 $1) 18... Rxc5 19. fxg6 Rxc3 $1 {Here is
the difference, the exchange sacrifice demolishes White's defensive wall.} 20.
bxc3 Qd6 $44) 17... Bxd4 18. gxh7+ Nxh7 19. Bxd4 exd4 20. Rxd4 Qb6 $132) 10...
Nc6 (10... Nc4 $2 11. Bxc4 dxc4 12. f5 $16) 11. Nxc6 bxc6 12. Qe2 Nf6 13. O-O-O
$13) 9... Qh4+ 10. Bf2 (10. Ng3 $5 {is the other critical reply.} d4 $1 (10...
h5 {is again met by the standard} 11. f5 $5 (11. gxh5 Bxh5) 11... exf5 (11...
Bh7 12. Bf2) 12. gxf5 (12. Qxd5 $5) 12... Bxf5 13. Bg2) 11. Bxd4 Rd8 12. Nb5
Be4 {looks strong, but White has a witty reply!} 13. Bf2 $1 {The Q sacrifice
is the best way for fighting the |^.} Rxd1+ 14. Rxd1 Qxg3 $1 (14... Bxh1 15.
Nc7+ Ke7 16. Nf5+ exf5 17. Bxh4+ f6 18. gxf5) 15. Nc7+ Ke7 16. Bxg3 Bxh1 17.
Rd6 $1 {White has sacrificed a piece, and there are no queens anymore, but
Black has serious problems with his development.} (17. Bh4+ f6 18. Bc4 Bf3 19.
Rd6 Bxg4 20. Bxe6 Bxe6 21. Nxe6) 17... h5 (17... g5 18. f5 $44) (17... Bf3 18.
f5 $1 exf5 (18... Bxg4 19. Bh4+) 19. gxf5 h5 20. Bf4 $44) 18. Bh4+ f6 19. Bc4
hxg4 20. Bxe6 Nb8 21. Bg3 $44) 10... Qxg4 11. Qd2 Nb4 $1 12. Rg1 $5 (12. O-O-O
$1 {was the consequent continuation, because the weakness of >< c2 is not so
decisive.} Bxc2 (12... Nxc2 $2 13. Rg1 Qf3 (13... Qh5 14. Ng3 $18) 14. Rxg6
hxg6 15. Ng1 $1 {and suddenly Black will collapse.} Qh5 16. Bb5+ Kd8 17. Nxd5
$1 $18) (12... Ne7 13. Nd4 $14) 13. Rg1 Qh5 14. Ng3 Qh6 15. Bb5+ Kd8 16. Nxd5
exd5 17. Qxb4 Bxd1 18. Rxd1 $44 {and White has an ample play for the exchange
because of the bad K in the middle and lack of development.}) 12... Qf5 (12...
Qxg1 $2 13. Nxg1 Nxc2+ 14. Kd1 Nxa1 {is again punished by the typical blow} 15.
Bb5+ Kd8 16. Nxd5 $1 $18) 13. Rc1 (13. Nd4 {was a serious alternative when
after} Nxc2+ 14. Nxc2 Qxc2 15. Qxc2 Bxc2 16. Nb5 $14 {White's strong pressure
on the << fully compensates the minus P.}) 13... Nxc2+ (13... Bxc5 14. Bxc5
Rxc5 15. Nd4 Qh5 16. Na4 $16) 14. Kd1 d4 (14... Nb4 15. Ng3 Qg4+ 16. Be2 Qh3
17. Nb5 Nc6 18. Nd6+ Bxd6 19. cxd6 $44 {with a strong ^^ and defended o^.}) 15.
Bxd4 Nb4 (15... Bxc5 $2 16. Rxc2 $18) 16. Ng3 (16. Nb5 $5 {deserved attention
again.} a5 (16... Nxa2 17. Ra1 $16) (16... Nc6 17. Rg5 Qe4 18. Bg2) 17. Nd6+
$14) 16... Qg4+ 17. Be2 Qh4 18. Nce4 (18. Bb5+ Nc6 19. Nce4 $44) 18... Nc6 19.
Nd6+ Bxd6 20. exd6 (20. cxd6 $5 {looks also tempting with a mighty o^ on d6.}
Qxh2 (20... Rd8 21. Bb5 $14) 21. Bf3 $14) 20... Nxd4 21. Qxd4 (21. d7+ $2 {
gives up White's best trump.} Kxd7 22. Qxd4+ Ke8 23. Qxg7 Qxf4) 21... Nf6 22.
Bb5+ Kf8 (22... Kd8 23. c6 $1 $18) 23. d7 Nxd7 24. Bxd7 $18 {and White is a
piece up without any counterchances.} Rd8 25. Ke1 (25. Ke2 Qxh2+ 26. Kf3 $18)
25... Qxh2 26. Kf1 h5 27. Rg2 {This allows Black to activate his pieces.} (27.
f5 $18) 27... Qh3 28. Kg1 h4 29. Nf1 Rh5 30. Rxg6 fxg6 31. Qd6+ Kf7 32. Re1
Qg4+ 33. Kf2 Rxd7 34. Qxd7+ Kf6 35. Qd8+ Kf7 36. Qd7+ Kf6 37. Ne3 (37. Re4 $1
$18 {was still good, but unfortunately the end of these rapid games is simply
unpredictable. However these games are not designed for ethernity.}) 37...
Qxf4+ 38. Ke2 Re5 39. Kd3 Qe4+ 40. Kd2 Qb4+ 41. Kd1 Rxc5 42. Rf1+ Rf5 43. Nxf5
gxf5 {[#]} 44. Qd2 $2 (44. Qd8+ Kf7 45. Qc7+ Qe7 46. Qc4 $13) 44... Qxd2+ 45.
Kxd2 g5 $17 {Four pawns are a bit too much!} 46. Ke2 g4 47. Rc1 h3 48. Kf2 f4
49. Rc7 g3+ 50. Kf3 h2 51. Rh7 e5 52. Rh6+ Kg5 53. Rh8 e4+ 54. Kg2 Kf5 55. Rf8+
Ke5 56. Rh8 Kd4 57. Rh4 Ke3 58. b4 b5 59. a3 a6 60. Rh8 f3+ 61. Kxg3 f2 62. Kg2
Ke2 0-1

[Event "EU-Cup 18th"]
[Site "Kallithea"]
[Date "2002.09.22"]
[Round "1.1"]
[White "Har Zvi, Ronen"]
[Black "Grischuk, Alexander"]
[Result "0-1"]
[WhiteElo "2505"]
[BlackElo "2702"]
[Annotator "Tsesarsky,I"]
[PlyCount "50"]
[EventDate "2002.09.22"]
[EventType "team-swiss"]
[EventRounds "7"]
[EventCountry "GRE"]
[SourceTitle "CBM 092"]
[Source "ChessBase"]
[SourceDate "2003.02.06"]
[SourceVersion "1"]
[SourceVersionDate "2003.02.06"]
[SourceQuality "1"]
[WhiteTeam "Tel Aviv Shlomo Har Zvi"]
[BlackTeam "Paris NAO"]
[WhiteTeamCountry "ISR"]
[BlackTeamCountry "FRA"]

1. Nf3 {Finkel,A} Nf6 2. d4 e6 3. Bg5 c5 4. e3 Be7 5. c3 b6 6. Bd3 Bb7 7. Nbd2
Nc6 8. O-O d5 (8... cxd4 {Finkel,A} 9. exd4 (9. cxd4 {Finkel,A} O-O 10. e4 d6
11. a3 Rc8 12. Rc1 h6 13. Be3 (13. Bh4 $5 {Finkel,A}) 13... Ng4 14. Qe2 Nxe3
15. Qxe3 e5 16. Nb3 Bf6 $11 {Polgar,Z-Dimitrov,V/Adelaide 1988}) 9... Nd5 $10)
(8... Nd5 {Finkel,A} 9. Bxe7 Qxe7 10. a3 cxd4 11. cxd4 O-O 12. Qe2 Rac8 13.
Rfc1 d6 14. Rc2 Rc7 15. Rac1 Rfc8 $11 {Berg,K-Kosten,A/Ostend 1987}) 9. Qe2 {
White have chosen modest variation in order to simplify position and to draw
the game. But Black disagree with fast draw...} O-O (9... Nd7 $6 10. Bxe7 Qxe7
11. e4 dxe4 12. Bxe4 O-O 13. Nb3 $6 $11 (13. Ne5 Ndxe5 14. dxe5 $14) 13... Nf6
14. dxc5 Nxe4 15. Qxe4 Na5 16. Qe3 Nxb3 17. axb3 bxc5 $11 {1/2-1/2 Barlov,
D-Christiansen,L/New York 1985/EXT 2000 (68)}) (9... Rc8 10. Rfe1 O-O 11. Rad1
Nd7 12. Bxe7 Qxe7 13. e4 dxe4 14. Qxe4 g6 15. d5 Nd8 16. c4 (16. Qc4 $16) 16...
Qf6 17. b3 Qg7 18. Qh4 $14 {1-0 Jugelt,T-Pasalic,M/Leipzig 1995/EXT 97 (48)})
10. h3 {Finkel,A: 'It's hard to call this move an inaccuracy, but it's quite
useless.'} ({Better is} 10. Rad1 {[%cal Ge3e4]} Rc8 (10... Qc7 $6 11. Bf4 Qd7 (
11... Bd6 12. Bxd6 Qxd6 13. e4 dxe4 $8 14. Nxe4 Qe7 (14... Nxe4 15. Qxe4 (15.
Bxe4 Qe7 (15... cxd4 16. Nxd4 Nxd4 17. Rxd4 Qc7 18. Bxb7 Qxb7 19. Rfd1 $16 {
d-<->}) 16. dxc5 bxc5 17. Rd2 Rfd8 18. Rfd1 Rxd2 19. Rxd2 Rd8 20. Rxd8+ Qxd8
21. g3 $14 {[%csl Rc5] 1-0 Petrosian,T-Golombek,H/Saltsjobaden 1952/IZT/ (40)
קc5}) 15... g6 (15... f5 16. Qe2 cxd4 17. Bc4 Rae8 18. Nxd4 $16) 16. dxc5 Qxc5
17. Qh4 $16 {[%cal Gf3g5]}) 15. dxc5 bxc5 16. Nfg5 $16) 12. Ne5 Nxe5 13. dxe5
Ne8 14. Qh5 f5 $14) (10... Nd7 11. Bf4 Bf6 12. a3 Re8 13. h3 a6 14. Rfe1 e5 15.
dxe5 Ncxe5 16. Nxe5 Nxe5 $11 {1/2-1/2 Sergeev,V-Chernyshov,K/Berlin 1995/CBM
47 ext (50)}) 11. Bb1 cxd4 12. exd4 Rc7 13. Qd3 g6 14. Rfe1 Qc8 15. h3 a5 16.
Bh6 Re8 17. Bf4 Ba6 18. Qe3 Rb7 19. Ne5 $132 {0-1 Angyal,F-Molnar,L/HUN 1995/
EXT 99 (54)}) 10... Ne4 11. Bxe7 {'?!' Finkel,A. Finkel,A: 'After this move
white has to be carefull to keep the balance. More in the spirit of the
position was'} (11. Bxe4 {Finkel,A} Bxg5 (11... dxe4 {Finkel,A} 12. Nxe4 Nxd4
13. exd4 Bxe4 14. Qxe4 Bxg5 15. dxc5 bxc5 16. Rad1 $14) 12. Nxg5 Qxg5 13. Nf3
Qf6 14. Bc2 e5 $11) (11. Bf4 $5 {Finkel,A}) 11... Nxe7 12. Rfd1 ({Of course
didn't work} 12. Bxe4 $6 {Finkel,A} dxe4 13. Ng5 Qd5 14. Ngxe4 f5 {[%csl Rg2]}
15. c4 Qc6 16. d5 exd5 $17 {with significant advantage for black.}) 12... Ng6
13. Rac1 ({Why not} 13. Ne1 f5 14. f4 $1 $11 {[%cal Ge1f3,Gf3e5]}) (13. dxc5 {
Finkel,A} Nxc5 14. Bc2 Ba6 15. c4 Qe7 16. b4 Nd7 17. b5 Bb7 $13) 13... f5 14.
c4 (14. Ne1 $11) 14... Qf6 {[%cal Gf5f4,Gb7f3] '=/+' Finkel,A.  Suddenly Black
receives an active plan: f5-f4 promotion with attack on the kingside.} 15. Nb3
{'?!' Finkel,A. Finkel,A: 'Knight has nothing to do on b3.'} (15. cxd5 exd5 (
15... Bxd5 16. Bc4) 16. b3 (16. Ba6 {Finkel,A} Bc6 (16... Bxa6 {Finkel,A} 17.
Qxa6 cxd4 18. Nxd4 f4 19. Nxe4 dxe4 20. Qc4+ $13) 17. dxc5 bxc5 18. Nxe4 fxe4
19. Nd2 Rab8 20. b3 Qe7 $15) 16... Rae8 $15) 15... Rac8 16. Qe1 (16. cxd5 exd5
17. Ba6 Bxa6 18. Qxa6 c4 19. Nbd2 Rc7 20. Qb5 Qe6 $15) (16. dxc5 bxc5 17. Ne1
Ne5 $15) ({White missed the last opportunity to play} 16. Ne1 $1 cxd4 (16... f4
17. cxd5 exd5 18. Bxe4 dxe4 19. dxc5 Rf7 (19... f3 20. Qc4+ Kh8 21. Qd4 Qh4 22.
g3 Qh5 (22... Qxh3 23. Qd7 Rf5 24. Nd4 $16 {[%csl Rf5][%cal Gd7h3]}) 23. cxb6
$14) 20. Qd2 fxe3 (20... f3 21. cxb6 Rxc1 22. Nxc1 (22. Qd8+ Rf8 23. Qxf6 Rxd1
24. Qc3 Rc8 25. Qb4 axb6 $132) 22... axb6 23. Qd8+ $14) 21. Qxe3 Qxb2 $132) 17.
Nxd4 e5 (17... Ne5 18. cxd5 Bxd5 19. Rxc8 Rxc8 20. Bxe4 fxe4 21. b3 $11) 18.
Nb3 Ne7 (18... f4 19. Bxe4 dxe4 20. c5 f3 21. Qc4+ Kh8 22. Rd6 Qh4 23. g3 Qxh3
24. c6 $132) 19. cxd5 Bxd5 20. Bc4 Bxc4 21. Rxc4 Qe6 22. Rdc1 Rxc4 (22... Rfd8
23. Rxc8 Rxc8 24. Rxc8+ Nxc8 25. Qc2 $11) 23. Qxc4 Nd5 24. Qc6 Qxc6 25. Rxc6
Re8 26. Nd3 $11) 16... f4 17. Rc2 (17. Qe2 Kh8 18. dxc5 bxc5 19. Rc2 (19. Na5
Ba8 $15) 19... fxe3 (19... dxc4 20. Bxc4 (20. Rxc4 Ng5 21. Nxg5 (21. Nbd2 fxe3
22. fxe3 (22. Qxe3 Bxf3 23. Nxf3 Nxf3+ 24. Qxf3 Qxf3 25. gxf3 Ne5 26. Re4 Nxf3+
$17) 22... Nxf3+ 23. Nxf3 Bxf3 24. Qxf3 Qxf3 25. gxf3 Ne5 26. Re4 Nxf3+ 27. Kg2
Rcd8 $17) 21... Qxg5 22. f3 (22. Qg4 Qxg4 23. hxg4 fxe3 24. fxe3 Bd5 25. Rc3 c4
26. Bxg6 cxb3 27. Rxc8 Rxc8 $17) 22... Ba6 23. exf4 Qg3 24. Qf2 Qxf2+ 25. Kxf2
Rcd8 $17) 20... Ng5 21. Nxg5 Qxg5 22. Qg4 Qxg4 23. hxg4 fxe3 24. fxe3 Be4 25.
Rc3 $14 {[%csl Rc5]}) 20. fxe3 Ng3 (20... Nh4 21. Bxe4 dxe4 22. Nxh4 Qxh4 23.
Rd7 $16) 21. Qf2 Ne4 22. Qe2 $11) 17... Kh8 {Position is equal but complicated.
It is not easy to get right decision.} 18. dxc5 $2 $17 {White yeilds center
without reason. Position became in Black's favour.} (18. Qe2 $142 $132) 18...
bxc5 19. Be2 ({Or} 19. Na5 Ba8 20. exf4 Nxf4 21. Bxe4 dxe4 22. Nh2 Qg6 {
[%csl Rg2][%cal Ge4e3]} 23. Ng4 e3 $19) 19... dxc4 $1 {[%csl Rb2][%cal Gf6b2]}
20. Rxc4 (20. Bxc4 {seriously weakens white K's fortress:} Ng5 {[%csl Rf3,Rg1,
Rg2][%cal Gb7g2]} 21. Nxg5 Qxg5 {[%csl Rg2]} 22. Bf1 Nh4 $19 {[%csl Rg2]})
20... Qxb2 21. Ra4 $2 $19 ({More stubborn looks} 21. Bd3 {[%csl Re4][%cal
Gc4f4]} Nd6 22. Rc2 (22. Rxc5 Rxc5 23. Nxc5 Bxf3 24. gxf3 Qe5 25. Ne4 (25. Bxg6
Qxc5 $17 {[%csl Rf2,Rf3]}) 25... Nxe4 26. Bxe4 Nh4 $17 {[%csl Rf2,Rf3,Rg1]})
22... Qf6 23. e4 Ne5 $17) 21... Bd5 22. Bd3 ({Or} 22. Rxa7 c4 23. Rb1 Qf6 24.
Nbd4 fxe3 25. fxe3 e5 26. Nc2 Ng5 $19) 22... c4 23. Bxe4 Bxe4 24. Nbd4 fxe3 25.
Nxe6 (25. fxe3 e5 $19 {[%csl Rd4]}) 25... exf2+ 0-1

[Event "EU-Cup 18th"]
[Site "Kallithea"]
[Date "2002.09.24"]
[Round "3.1"]
[White "Grischuk, Alexander"]
[Black "Georgiev, Kiril"]
[Result "1/2-1/2"]
[WhiteElo "2702"]
[BlackElo "2654"]
[PlyCount "66"]
[EventDate "2002.09.22"]
[EventType "team-swiss"]
[EventRounds "7"]
[EventCountry "GRE"]
[SourceTitle "CBM 092"]
[Source "ChessBase"]
[SourceDate "2003.02.06"]
[SourceVersion "1"]
[SourceVersionDate "2003.02.06"]
[SourceQuality "1"]
[WhiteTeam "Paris NAO"]
[BlackTeam "Skopje Kisela Voda"]
[WhiteTeamCountry "FRA"]
[BlackTeamCountry "MKD"]

1. e4 e5 2. Nf3 Nc6 3. Bb5 Nf6 4. O-O Nxe4 5. d4 Nd6 6. Bxc6 dxc6 7. dxe5 Nf5
8. Qxd8+ Kxd8 9. Nc3 Ke8 10. h3 Be7 11. Ne2 b6 12. g4 Nh4 13. Nxh4 Bxh4 14. Nf4
g6 15. Kg2 f5 16. exf6 Bxf6 17. Re1+ Kf7 18. Nd3 Re8 19. Rxe8 Kxe8 20. Bf4 Ba6
21. Re1+ Kf7 22. Ne5+ Kg8 23. g5 Bxe5 24. Rxe5 Rf8 25. Kg3 Bc8 26. Re7 Rf7 27.
Re3 Bf5 28. b4 Bxc2 29. Ra3 b5 30. Rxa7 Be4 31. Ra8+ Rf8 32. Ra3 Rd8 33. f3 Rd3
1/2-1/2